Turfgrass installation : (Record no. 12000)

000 -LEADER
fixed length control field 00696cam a22002177a 4500
020 ## - INTERNATIONAL STANDARD BOOK NUMBER
ISBN 0071410082
040 ## - CATALOGING SOURCE
Transcribing agency UKM
082 00 - DEWEY DECIMAL CLASSIFICATION NUMBER
Classification number 635 MCG 2004 A039 Or.
100 1# - MAIN ENTRY--AUTHOR NAME
Personal name Johns, Rodney.
245 10 - TITLE STATEMENT
Title Turfgrass installation :
Remainder of title management and maintenance /
260 ## - PUBLICATION, DISTRIBUTION, ETC. (IMPRINT)
Place of publication New York :
Name of publisher McGraw-Hill,
Year of publication c2004.
300 ## - PHYSICAL DESCRIPTION
Number of Pages xvi, 583 p. :
Other physical details ill., map ;
Dimensions 23 cm.
500 ## - GENERAL NOTE
General note Includes index.
650 #0 - SUBJECT ADDED ENTRY--TOPICAL TERM
Topical Term Turf management.
650 #0 - SUBJECT ADDED ENTRY--TOPICAL TERM
Topical Term Turfgrasses.
650 #0 - SUBJECT ADDED ENTRY--TOPICAL TERM
Topical Term Turfgrasses
856 42 - ELECTRONIC LOCATION AND ACCESS
Uniform Resource Identifier http://www.loc.gov/catdir/description/mh051/2004295273.html
856 42 - ELECTRONIC LOCATION AND ACCESS
Uniform Resource Identifier http://www.loc.gov/catdir/bios/mh051/2004295273.html
856 41 - ELECTRONIC LOCATION AND ACCESS
Uniform Resource Identifier http://www.loc.gov/catdir/toc/mh051/2004295273.html
942 ## - ADDED ENTRY ELEMENTS (KOHA)
Koha item type សៀវភៅភាសាអង់គ្លេស
952 ## - LOCATION AND ITEM INFORMATION (KOHA)
Withdrawn status [LOCAL, KOHA] 0
Holdings
Permanent Location Date acquired Koha item type Lost status Shelving location Barcode Current Location Full call number
Library Block A2017-08-09សៀវភៅភាសាអង់គ្លេស A039A21277Library Block A635 MCG 2004 A039 Or.
មជ្ឈមណ្ឌលឯការនៃសាកលវិទ្យាល័យភូមិន្ទកសិកម្មចំការដូង

Powered by Koha